Sbírka příkladů (GW) BASIC. Díl 1. /

Hlavní autor: Burianová, Eva, 1956-
Další autoři: Telnar, Miroslava, Telnarová, Zdeňka, 1955-
Jazyk: Čeština
Vydáno: Václavovice : NovaComp, 1992
Vydání: 1. vyd.
Fyzický popis: 7, 70 s.
Knihy
Uloženo v:
LEADER 00752nam a22002172a 4500
001 000125314
003 CZ BrMZK
005 19970103143423.0
008 970103s1992 xr f cze d
040 |a BOA001  |b cze 
080 |a 681.3.06 GW Basic  |2 MRF 
100 1 |a Burianová, Eva,  |d 1956-  |7 mzk2003201942  |4 aut 
245 1 0 |a Sbírka příkladů (GW) BASIC.  |n Díl 1. /  |c Eva Burianová, Zdeňka Telnarová, Miroslav Telnar 
250 |a 1. vyd. 
260 |a Václavovice :  |b NovaComp,  |c 1992 
300 |a 7, 70 s. 
700 1 |a Telnar, Miroslava 
700 1 |a Telnarová, Zdeňka,  |d 1955-  |7 mzk2003201924 
910 |a BOA001  |b TK-A-0250.989,1 
990 |a BK 
996 7 |b 2629981854  |c TK-A-0250.989/1  |l MZK  |r Sklad / do 24 hodin  |n 0  |w 000125314  |u 000010  |a 1  |e BOA001  |j MZK50  |s A